| 000 | nam a22 7a 4500 | ||
|---|---|---|---|
| 999 |
_c26671 _d26671 |
||
| 008 | 170206b xxu||||| |||| 00| 0 eng d | ||
| 050 | _aND 237 .S636G8 1961 | ||
| 100 | _aGutman, Walter K. | ||
| 245 |
_aRaphael soyer paintings and drawings/ _cwalter K. Gutman, Jerome Klein and Raphael Soyer. |
||
| 260 |
_aNewYork: _bShore publishing, _c1961. |
||
| 300 |
_a192p. : _bill. ; _c28cm. |
||
| 500 | _aInclude index. | ||
| 650 | _aArt. | ||
| 700 | _aKlein, Jerome. | ||
| 700 | _aSoyer, Raphael. | ||
| 942 |
_2lcc _cBOOKS |
||